banner koha

Criacao pratica de peixes: carpa, apaiari, tucunare, peixe-rei, black-bass, tilapia [Piscicultura; Brasil] (Registro n. 31649)

MARC details
000 -LÍDER
campo de controle de tamanho fixo 00944nam a22003377a 4500
001 - NÚMERO DE CONTROLE
campo de controle BR8104082
003 - IDENTIFICADOR DO NÚMERO DE CONTROLE
campo de controle BR-BrBNA
005 - DATA E HORÁRIO DA ÚLTIMA TRANSAÇÃO
campo de controle 20230928091007.0
007 - CAMPO FIXO DE DESCRIÇÃO FÍSICA--INFORMAÇÃO GERAL
campo de controle de tamanho fixo ta
008 - CAMPO DE DADOS FIXOS--INFORMAÇÃO GERAL
campo de controle de tamanho fixo 230509b bl.||||| |||| 00| 0 por d
040 ## - FONTE DA CATALOGAÇÃO
Instituição da catalogação original BR-BrBNA
Idioma da catalogação por
Instituição que transcreveu o registro Biblioteca Nacional de Agricultura
041 ## - CÓDIGO DE IDIOMA
Código do idioma do texto/trilha sonora ou título diferente (Por)
072 ## - CÓDIGO DE CATEGORIA DE ASSUNTO
Código de Categoria de Assunto M10; M40
Código do objeto 8110
-- 8140
-- 8134
-- /G514
090 ## - NÚMERO DE CHAMADA LOCAL
-- 8110 BR8104082
100 1# - ENTRADA PRINCIPAL--NOME PESSOAL
Nome pessoal Machado, C.E. de M.
245 1# - TÍTULO
Título Criacao pratica de peixes: carpa, apaiari, tucunare, peixe-rei, black-bass, tilapia [Piscicultura; Brasil]
250 1# - EDIÇÃO
Edição 8. ed.
260 3# - PUBLICAÇÃO, DISTRIBUIÇÃO, ETC.
Local de publicação, distribuição, etc. Sao Paulo, SP (Brasil):
Nome do editor, distribuidor, etc. Livraria Nobel,
Data da publicação, distribuição, etc. 1981.
300 ## - DESCRIÇÃO FÍSICA
Extensão 120 p.
500 ## - NOTA GERAL
Nota geral 47 illus.; 14 ref.
650 ## - ASSUNTO--TERMO TÓPICO
Cabeçalho tópico ou nome geográfico CARPA
650 ## - ASSUNTO--TERMO TÓPICO
Cabeçalho tópico ou nome geográfico ACARA-ACU
650 ## - ASSUNTO--TERMO TÓPICO
Cabeçalho tópico ou nome geográfico TUCUNARE
650 ## - ASSUNTO--TERMO TÓPICO
Cabeçalho tópico ou nome geográfico PEIXE-REI
650 ## - ASSUNTO--TERMO TÓPICO
Cabeçalho tópico ou nome geográfico BLACK-BASS
650 ## - ASSUNTO--TERMO TÓPICO
Cabeçalho tópico ou nome geográfico TILAPIA
650 ## - ASSUNTO--TERMO TÓPICO
Cabeçalho tópico ou nome geográfico PISCICULTURA
650 ## - ASSUNTO--TERMO TÓPICO
Cabeçalho tópico ou nome geográfico ECOLOGIA AQUATICA
909 ## -
-- 202309
-- Lucia
-- 55
-- Lucia Elande
942 ## - ELEMENTOS DE ENTRADA ADICIONADOS (KOHA)
Tipo de material Koha Livros
Exemplares
Situação do descarte Fonte da classificação ou esquema de arquivamento na estante Situação física Não pode ser emprestado Coleção Biblioteca de origem Biblioteca atual Total de empréstimos Número de telefone completo Código de barras Data de último acesso Número do exemplar Tipo de material Koha Situação das perdas Data de aquisição Fonte de aquisição
  Classificação AGRIS       Biblioteca Nacional de Agricultura - Binagri Biblioteca Nacional de Agricultura - Binagri   8110 BR8104082 8110 BR8104082 25/09/2023 01 Livros   2023-09-25 Portaria Interministerial nº 164/94

BINAGRI

Telefone: (61)3218-2567/2388/3357/2097 - binagri@agro.gov.br

Ministério da Agricultura e Pecuária , Esplanada dos Ministérios, Bloco D, Anexo B, Brasília/DF, CEP: 70.043-900